[Event "Quebec-op U2000"]
[Site "Montreal"]
[Date "2006.07.07"]
[Round "1"]
[White "Deschamps, Richard"]
[Black "Xavier Bonifay, Jean Luc"]
[Result "1-0"]
[WhiteElo "1982"]
[BlackElo "1675"]
[PlyCount "73"]
[EventDate "2006.07.07"]
[EventType "swiss"]
[EventRounds "9"]
[EventCountry "CAN"]
[SourceTitle "CBM 113 Extra"]
[Source "ChessBase"]
[SourceDate "2006.09.14"]
[SourceVersion "1"]
[SourceVersionDate "2006.09.14"]
[SourceQuality "1"]

1. d4 d5 2. c4 e6 3. Nc3 Nf6 4. Bg5 Be7 5. e3 0-0 6. Bd3 dxc4 7. Bxc4 Nbd7 8. Nf3 h6 9. Bh4 Nh7 10. Bxe7 Qxe7 11. Qc2 Ndf6 12. e4 Rd8 13. 0-0 b6 14. Rfe1 Bb7 15. Rad1 Nf8 16. e5 Nd5 17. Ne4 Ng6 18. g3 h5 19. a3 h4 20. Bd3 hxg3 21. hxg3 Qd7 22. Neg5 Nde7 23. Qe2 Bd5 24. Qf1 Bxf3 25. Nxf3 Nf5 26. Be4 Rac8 27. Bb7 Rb8 28. Be4 Rbc8 29. Qh3 Nf8 30. Kg2 Ng6 31. d5 Nfe7 32. Ng5 exd5 33. e6 Qc6 34. exf7+ Kf8 35. Bxg6 Nxg6 36. Qf5 Nh4+ 37. gxh4 1-0